Normal view
MARC view
- Euroconstruct Conference
Entry Corporate Name
001 - CONTROL NUMBER
- control field: 4895
003 - CONTROL NUMBER IDENTIFIER
- control field: SIRSI
005 - DATE AND TIME OF LATEST TRANSACTION
- control field: 20190806150238.0
008 - FIXED-LENGTH DATA ELEMENTS
- fixed length control field: 060303n| aaannaabn |n ana d
040 ## - CATALOGING SOURCE
- Original cataloging agency: OSt
- Transcribing agency: OSt
110 2# - HEADING--CORPORATE NAME
- Corporate name or jurisdiction name as entry element: Euroconstruct Conference
- Subordinate unit: (60th: 2005. Barcelona)
670 ## - SOURCE DATA FOUND
- Source citation: 60th Euroconstruct Conference, 2005